000 00251 a2200097 4500
001 13005
100 _aBois,W.E.B.D
245 _aSouls of Black Folk: Authoritative Text Contexts Criticism.
260 _a
_bW W Norton & Company
_c
090 _c10009
_d10009
942 _aNUST-CAE
_cM
_c14
999 _c248078
_d248078